Markets (Record no. 83104)

MARC details
000 -LEADER
fixed length control field 01261cab a22002175a 4500
001 - CONTROL NUMBER
control field L152810
008 - FIXED-LENGTH DATA ELEMENTS--GENERAL INFORMATION
fixed length control field 110504e20110415xxk 000 0 eng d
035 ## - SYSTEM CONTROL NUMBER
System control number (Sirsi) u152810
041 0# - LANGUAGE CODE
Language code of text/sound track or separate title eng
100 1# - MAIN ENTRY--PERSONAL NAME
Personal name Unger, Paul
245 00 - TITLE STATEMENT
Title Markets
Remainder of title Cheshire and north Wales
260 ## - PUBLICATION, DISTRIBUTION, ETC.
Date of publication, distribution, etc. 201
490 #0 - SERIES STATEMENT
Series statement Property Week
Volume/sequential designation 77(15), 15 April 2011, 59-62(4)
520 ## - SUMMARY, ETC.
Summary, etc. Marketing Cheshire, the Cheshire and Warrington inward investment agency, values the area's visitor economy at £1.78bn. Macclesfield may become site for major residential development on green belt land. Rhyl's economic fortunes are to be revived by funding from the Welsh Assembly and the EU's Regional Development Fund. The £200m Barons Quay retail and leisure scheme proposed for Northwich town centre abandoned in 2005. is to be redrawn. Conygar Investment Company and Stena Line await the go-ahead for a new marina in Holyhead. Landlords undertaking refurbishment projects aim to take advantage of the dearth of Chester city centre office space.
590 ## - LOCAL NOTE (RLIN)
Local note KA
651 #4 - SUBJECT ADDED ENTRY--GEOGRAPHIC NAME
Geographic name Cheshire
651 #4 - SUBJECT ADDED ENTRY--GEOGRAPHIC NAME
Geographic name North Wales
690 ## - LOCAL SUBJECT ADDED ENTRY--TOPICAL TERM (OCLC, RLIN)
Topical term or geographic name as entry element PROPERTY-COMMERCIAL PROPERTY-COMMERCIAL PROPERTY MARKET
690 ## - LOCAL SUBJECT ADDED ENTRY--TOPICAL TERM (OCLC, RLIN)
Topical term or geographic name as entry element PROPERTY-COMMERCIAL PROPERTY-COMMERCIAL PROPERTY FINANCE AND INVESTMENT
942 ## - ADDED ENTRY ELEMENTS (KOHA)
Suppress in OPAC 0
Holdings
Withdrawn status Lost status Source of classification or shelving scheme Damaged status Not for loan Home library Current library Shelving location Date acquired Total Checkouts Full call number Barcode Date last seen Copy number Price effective from Koha item type
    Dewey Decimal Classification     London London Journal article 04/05/2011   L152810 152810-1001 06/08/2019 1 06/08/2019 Journal article